Statistics for Progressive Metal Bands

Click here to take the quiz!

General Stats

  • This quiz has been taken 7 times
  • The average score is 8 of 25

Answer Stats

AlbumBand% Correct
LateralusTOOL
100%
Images and WordsDream Theater
83%
Blackwater ParkOpeth
83%
obZenMeshuggah
67%
L'enfant sauvageGojira
50%
LeviathanMastodon
50%
Operation: MindcrimeQueensrÿche
50%
ElegyAmorphis
33%
The Sound of PerseveranceDeath
33%
Portal of INe Obliviscaris
33%
Remedy LanePain of Salvation
33%
ElementsAtheist
17%
The Human EquationAyreon
17%
ColorsBetween the Buried and Me
17%
FocusCynic
17%
Awaken the GuardianFates Warning
17%
The MountainHaken
17%
The Divine Wings of TragedySymphony X
17%
NothingfaceVoivod
17%
The Joy of MotionAnimals As Leaders
0%
Axioma Ethica OdiniEnslaved
0%
The CongregationLeprous
0%
Dead Heart In a Dead WorldNevermore
0%
FortressProtest the Hero
0%
Altered StateTesseracT
0%

Score Distribution

Percentile by Number Answered

Percent of People with Each Score

Your Score History

You have not taken this quiz